<?xml version="1.0" encoding="UTF-8"?>
<record
    xmlns:xsi="http://www.w3.org/2001/XMLSchema-instance"
    xsi:schemaLocation="http://www.loc.gov/MARC21/slim http://www.loc.gov/standards/marcxml/schema/MARC21slim.xsd"
    xmlns="http://www.loc.gov/MARC21/slim">

  <leader>00442nam a22001577a 4500</leader>
  <controlfield tag="003">OSt</controlfield>
  <controlfield tag="005">20151130095646.0</controlfield>
  <controlfield tag="008">151130b        xxu||||| |||| 00| 0 eng d</controlfield>
  <datafield tag="040" ind1=" " ind2=" ">
    <subfield code="c">RUA</subfield>
  </datafield>
  <datafield tag="082" ind1=" " ind2=" ">
    <subfield code="a">FIS SOU 1996 B165 Or.1</subfield>
  </datafield>
  <datafield tag="100" ind1=" " ind2=" ">
    <subfield code="9">4002</subfield>
    <subfield code="a">SUON, PICH.</subfield>
  </datafield>
  <datafield tag="245" ind1=" " ind2=" ">
    <subfield code="a">Fisheries managment, &#x1780;&#x17B6;&#x179A;&#x1782;&#x17D2;&#x179A;&#x1794;&#x17CB;&#x1782;&#x17D2;&#x179A;&#x1784;&#x179C;&#x17B7;&#x179F;&#x17D0;&#x1799;&#x1787;&#x179B;&#x1795;&#x179B;</subfield>
  </datafield>
  <datafield tag="260" ind1=" " ind2=" ">
    <subfield code="a">Phnom Penh</subfield>
    <subfield code="b">RUA</subfield>
    <subfield code="c">1996</subfield>
  </datafield>
  <datafield tag="300" ind1=" " ind2=" ">
    <subfield code="a">97p.</subfield>
    <subfield code="b">ill.</subfield>
    <subfield code="c">29cm.</subfield>
  </datafield>
  <datafield tag="942" ind1=" " ind2=" ">
    <subfield code="2">ddc</subfield>
    <subfield code="c">FIS</subfield>
  </datafield>
  <datafield tag="999" ind1=" " ind2=" ">
    <subfield code="c">3722</subfield>
    <subfield code="d">3722</subfield>
  </datafield>
  <datafield tag="952" ind1=" " ind2=" ">
    <subfield code="0">0</subfield>
    <subfield code="1">0</subfield>
    <subfield code="2">ddc</subfield>
    <subfield code="4">0</subfield>
    <subfield code="6">FIS_SOU_1996_000000000000000_B165_OR_1</subfield>
    <subfield code="7">0</subfield>
    <subfield code="9">18590</subfield>
    <subfield code="a">LBB</subfield>
    <subfield code="b">LBB</subfield>
    <subfield code="c">B165</subfield>
    <subfield code="d">2015-11-30</subfield>
    <subfield code="l">1</subfield>
    <subfield code="o">FIS SOU 1996 B165 Or.1</subfield>
    <subfield code="p">RUA012783</subfield>
    <subfield code="r">2018-07-23</subfield>
    <subfield code="s">2018-07-14</subfield>
    <subfield code="w">2015-11-30</subfield>
    <subfield code="y">FIS</subfield>
  </datafield>
  <datafield tag="952" ind1=" " ind2=" ">
    <subfield code="0">0</subfield>
    <subfield code="1">0</subfield>
    <subfield code="2">ddc</subfield>
    <subfield code="4">0</subfield>
    <subfield code="6">FIS_SOU_1996_000000000000000_B165_OR_2</subfield>
    <subfield code="7">0</subfield>
    <subfield code="9">18591</subfield>
    <subfield code="a">LBB</subfield>
    <subfield code="b">LBB</subfield>
    <subfield code="c">B165</subfield>
    <subfield code="d">2015-11-30</subfield>
    <subfield code="l">2</subfield>
    <subfield code="o">FIS SOU 1996 B165 Or.2</subfield>
    <subfield code="p">RUA012496</subfield>
    <subfield code="r">2024-06-01</subfield>
    <subfield code="s">2024-05-15</subfield>
    <subfield code="w">2015-11-30</subfield>
    <subfield code="y">FIS</subfield>
  </datafield>
  <datafield tag="952" ind1=" " ind2=" ">
    <subfield code="0">0</subfield>
    <subfield code="1">0</subfield>
    <subfield code="2">ddc</subfield>
    <subfield code="4">0</subfield>
    <subfield code="6">FIS_SOU_1996_000000000000000_B165_OR_3</subfield>
    <subfield code="7">0</subfield>
    <subfield code="9">18592</subfield>
    <subfield code="a">LBB</subfield>
    <subfield code="b">LBB</subfield>
    <subfield code="c">B165</subfield>
    <subfield code="d">2015-11-30</subfield>
    <subfield code="o">FIS SOU 1996 B165 Or.3</subfield>
    <subfield code="p">RUA012782</subfield>
    <subfield code="r">2015-11-30</subfield>
    <subfield code="w">2015-11-30</subfield>
    <subfield code="y">FIS</subfield>
  </datafield>
  <datafield tag="952" ind1=" " ind2=" ">
    <subfield code="0">0</subfield>
    <subfield code="1">0</subfield>
    <subfield code="2">ddc</subfield>
    <subfield code="4">0</subfield>
    <subfield code="6">FIS_SOU_1996_000000000000000_B165_OR_4</subfield>
    <subfield code="7">0</subfield>
    <subfield code="9">18593</subfield>
    <subfield code="a">LBB</subfield>
    <subfield code="b">LBB</subfield>
    <subfield code="c">B165</subfield>
    <subfield code="d">2015-11-30</subfield>
    <subfield code="l">1</subfield>
    <subfield code="o">FIS SOU 1996 B165 Or.4</subfield>
    <subfield code="p">RUA012347</subfield>
    <subfield code="r">2023-12-26</subfield>
    <subfield code="s">2023-12-14</subfield>
    <subfield code="w">2015-11-30</subfield>
    <subfield code="y">FIS</subfield>
  </datafield>
  <datafield tag="952" ind1=" " ind2=" ">
    <subfield code="0">0</subfield>
    <subfield code="1">0</subfield>
    <subfield code="2">ddc</subfield>
    <subfield code="4">0</subfield>
    <subfield code="6">FIS_SOU_1996_000000000000000_B165_OR_5</subfield>
    <subfield code="7">0</subfield>
    <subfield code="9">18594</subfield>
    <subfield code="a">LBB</subfield>
    <subfield code="b">LBB</subfield>
    <subfield code="c">B165</subfield>
    <subfield code="d">2015-11-30</subfield>
    <subfield code="o">FIS SOU 1996 B165 Or.5</subfield>
    <subfield code="p">RUA012686</subfield>
    <subfield code="r">2015-11-30</subfield>
    <subfield code="w">2015-11-30</subfield>
    <subfield code="y">FIS</subfield>
  </datafield>
  <datafield tag="952" ind1=" " ind2=" ">
    <subfield code="0">0</subfield>
    <subfield code="1">0</subfield>
    <subfield code="2">ddc</subfield>
    <subfield code="4">0</subfield>
    <subfield code="6">FIS_SOU_1996_000000000000000_B165_OR_6</subfield>
    <subfield code="7">0</subfield>
    <subfield code="9">18595</subfield>
    <subfield code="a">LBB</subfield>
    <subfield code="b">LBB</subfield>
    <subfield code="c">B165</subfield>
    <subfield code="d">2015-11-30</subfield>
    <subfield code="o">FIS SOU 1996 B165 Or.6</subfield>
    <subfield code="p">RUA012712</subfield>
    <subfield code="r">2015-11-30</subfield>
    <subfield code="w">2015-11-30</subfield>
    <subfield code="y">FIS</subfield>
  </datafield>
  <datafield tag="952" ind1=" " ind2=" ">
    <subfield code="0">0</subfield>
    <subfield code="1">0</subfield>
    <subfield code="2">ddc</subfield>
    <subfield code="4">0</subfield>
    <subfield code="6">FIS_SOU_1996_000000000000000_B165_OR_7</subfield>
    <subfield code="7">0</subfield>
    <subfield code="9">18596</subfield>
    <subfield code="a">LBB</subfield>
    <subfield code="b">LBB</subfield>
    <subfield code="c">B165</subfield>
    <subfield code="d">2015-11-30</subfield>
    <subfield code="l">1</subfield>
    <subfield code="o">FIS SOU 1996 B165 Or.7</subfield>
    <subfield code="p">RUA012544</subfield>
    <subfield code="r">2016-07-20</subfield>
    <subfield code="s">2016-07-04</subfield>
    <subfield code="w">2015-11-30</subfield>
    <subfield code="y">FIS</subfield>
  </datafield>
</record>
